Normal view
MARC view
- القانون المدني -- الاردن -- فرنسا
Entry Topical Term
001 - CONTROL NUMBER
- control field: 46920
003 - CONTROL NUMBER IDENTIFIER
- control field: JO-AjAnu
005 - DATE AND TIME OF LATEST TRANSACTION
- control field: 20230606081742.0
008 - FIXED-LENGTH DATA ELEMENTS
- fixed length control field: 230606|| aca||aabn | a|a d
040 ## - CATALOGING SOURCE
- Original cataloging agency: JO-AjAnu
- Transcribing agency: JO-AjAnu
150 ## - HEADING--TOPICAL TERM
- Topical term or geographic name entry element: القانون المدني -- الاردن -- فرنسا
670 ## - SOURCE DATA FOUND
- Source citation: Work cat.: (JO-AjAnu)24014: الحياري، احمد ابراهيم , author 46919, المسؤولية التقصيرية عن فعل الغير " دراسة تحليلية انتقادية تاريخية موازنة بالقانون المدني الأردني والقانون المدني الفرنسي "